00732nam a22001937a 4500008004100000020001500041020001800056040005700074041000800131100002500139245011600164260007700280300001800357504005300375650002800428650002800456650002800484650002600512130821s2006 xxu gr eng  a0691123586 a9780691123585 aCO-BoUCMbspacAngélica RojasdAldemar Mondragón00aeng1 aGallagher, Catherine14aThe body economic life, death, and sensation in political economy and the victorian novelcCatherine Gallagher aTrenton (Nueva Jersey, Estados Unidos)bPrinceton University Pressc2006 a209 páginas aIncluye referencias bibliográficas e índices 7aEconomía y literatura 7aMuerte en la literatura 7aPolítica y literatura 7aVida en la literatura